| 000 | 00871nam a2200193 a 4500 | ||
|---|---|---|---|
| 001 | 46750 | ||
| 005 | 20180714030436.0 | ||
| 008 | 140415s1991 it 000 0 ita d | ||
| 041 | _aita | ||
| 082 |
_a195 _bOPE |
||
| 100 | 1 | _aSCIACCA,MICHELE FEDERICO | |
| 245 | 1 | 0 | _aATTO ED ESSERE |
| 250 | _a1a ed. | ||
| 260 |
_aITALIA : _bLEPOS, _c1991 |
||
| 300 |
_a _c14 x 1.6 x 22.8 |
||
| 490 | _aOPERE DI MICHELE FEDERICO SCIACCA | ||
| 520 | _aQUESTO VOLUMETTO, COME I DUE PRECEDENTI--L´INTERIORITA OGGETTIVA E L´UOMO, QUESTO <<SQUILIBRATO>> -- FA PARTE DEL CORPUS CHE CHIAMO LA FILOSOFIA DELL´INTEGRALLITÁ. QUASI LA METÁ DI ESSO É STATA SCRITTA DURANTE UN MIO SOGGIORNO (DAL 30 SETTEMBRE AL 20 DE OTTOBRE 1955) AL <<SACRO MONTE CALVARIO>> DEI P.P. ROSMINIANI, DOVE IL ROSMINI FONDÓ L´<<ISTITUTO DELLA CARITÁ>>. | ||
| 650 | 1 | 4 |
_aMETAFISICA _xONTOLOGIA |
| 999 |
_c46750 _d46750 |
||